| 000 | 01483nam a2200301 a 4500 | ||
|---|---|---|---|
| 001 | 9816 | ||
| 003 | BD-RjUL | ||
| 005 | 20211208234837.0 | ||
| 008 | 190228m19351934ii 001 0 eng d | ||
| 035 | _a(BD-RjUL)9861 | ||
| 040 |
_aDLC _cDLC _dBD-RjUL _beng |
||
| 041 | _aeng | ||
| 043 | _aa-ii--- | ||
| 082 |
_a324.254083 _223 _bINC Sr.-1-2 1934-1935 |
||
| 110 | 1 |
_aIndian National Congress. _9228741 |
|
| 245 | 1 | 0 |
_aCongress Presidential Addresses / _cIndian National Congress. |
| 246 |
_aCongress Presidential Addresses: _b1st series: From the foundation to the Silver jubilee; containing full text of the presidential addresses from 1885 to 1910 |
||
| 246 |
_aCongress Presidential Addresses: _b2nd series: From the foundationFrom the Silver to the Golden jubilee; containing full text of the presidential addresses from 1911 to 1934. |
||
| 260 |
_aMadras: _bG.A. Natesan & Co. , _c [1934-1945 ] |
||
| 300 |
_a2 Sr. : _bIll. ; _c23 cm |
||
| 500 | _aIncludes indexes | ||
| 505 | 0 | _aSr.-1, From the foundation to the Silver jubilee; containing full text of the presidential addresses from 1885 to 1910.-- Sr. 2. From the Silver to the Golden jubilee, containing full text of the presidential addresses from 1911 to 1934. | |
| 610 | 2 | 0 |
_aIndian National Congress _9229007 |
| 650 | 0 |
_aNationalism _zIndia _xHistory _9228742 |
|
| 651 | 0 |
_aIndia _xPolitics and government _y1857-1919 _9228743 |
|
| 651 | 0 |
_aIndia _xPolitics and government _y20th century _9228744 |
|
| 942 |
_2ddc _cRAR |
||
| 999 |
_c9816 _d9816 |
||